AS Roma Squad 2022-2023 - Statistics

General Stats
  • This quiz has been taken 365 times
    307 since last reset
  • The average score is 22 of 31
Answer Stats
# Position Nation Player % Correct
1 GK Portugal Rui Patrício
100%
9 FW England Tammy Abraham
95%
6 DF England Chris Smalling
94%
21 FW Argentina Paulo Dybala
94%
7 MF Italy Lorenzo Pellegrini
93%
4 MF Italy Bryan Cristante
86%
3 DF Brazil Roger Ibañez
85%
23 DF Italy Gianluca Mancini
84%
- Coach Portugal José Mourinho
84%
2 DF Netherlands Rick Karsdorp
84%
8 MF Serbia Nemanja Matić
82%
19 DF Turkey Zeki Çelik
79%
59 MF Poland Nicola Zalewski
76%
92 FW Italy Stephan El Shaarawy
76%
25 MF Netherlands Georginio Wijnaldum
75%
11 FW Italy Andrea Belotti
71%
14 FW Uzbekistan Eldor Shomurodov
71%
37 DF Italy Leonardo Spinazzola
71%
24 DF Albania Marash Kumbulla
70%
99 GK Serbia Mile Svilar
68%
14 DF Spain Diego Llorente
66%
52 MF Italy Edoardo Bove
64%
18 FW Norway Ola Solbakken
64%
17 DF Uruguay Matías Viña
61%
22 MF Italy Nicolò Zaniolo
58%
20 MF Guinea Mady Camara
48%
62 MF Italy Cristian Volpato
41%
63 GK Italy Pietro Boer
41%
55 MF Gambia Ebrima Darboe
40%
68 MF Sweden Benjamin Tahirović
27%
65 DF Italy Filippo Tripi
15%
No matching quizzes found
Score Distribution
Percent of People with Each Score
Percentile by Number Answered
Your Score History
You have not taken this quiz since the last reset